[Event "Znojmo Rotunda op-A"]
[Site "Znojmo"]
[Date "2023.08.25"]
[Round "8"]
[White "Petlak, Josef"]
[Black "Dvorak, Libor"]
[Result "0-1"]
[WhiteElo "1936"]
[BlackElo "1979"]
[PlyCount "84"]
[EventDate "2023.08.19"]
[EventType "swiss"]
[EventRounds "9"]
[EventCountry "CZE"]
[SourceTitle "EXT 2024"]
[Source "ChessBase"]
[SourceDate "2023.10.10"]
[SourceVersion "1"]
[SourceVersionDate "2023.10.10"]
[SourceQuality "1"]

1. e4 c5 2. Nf3 d6 3. Bb5+ Bd7 4. Bxd7+ Qxd7 5. Nc3 Nc6 6. d3 g6 7. b3 Bg7 8. Bb2 e6 9. a4 Nge7 10. 0-0 0-0 11. Qd2 b6 12. Nd1 Nd4 13. Nxd4 cxd4 14. f4 Rac8 15. Ba3 Rc6 16. Nf2 Rfc8 17. Ra2 Qc7 18. Rc1 Bh6 19. g4 f5 20. g5 Bf8 21. Qe2 e5 22. h4 exf4 23. h5 d5 24. h6 fxe4 25. dxe4 Qe5 26. Qg4 dxe4 27. Re1 e3 28. Nd3 Qf5 29. Qxf4 Rxc2 30. Rxc2 Rxc2 31. Bd6 Qxf4 32. Nxf4 Nf5 33. Be5 Nh4 34. Rf1 e2 35. Nxe2 Rxe2 36. Bxd4 Nf5 37. Bf2 Be7 38. a5 Bxg5 39. axb6 axb6 40. Bxb6 Bxh6 41. Rf3 Be3+ 42. Bxe3 Rxe3 0-1

[Event "Znojmo Rotunda op-A"]
[Site "Znojmo"]
[Date "2023.08.24"]
[Round "7"]
[White "Mikulu, Lukas"]
[Black "Dvorak, Libor"]
[Result "1/2-1/2"]
[WhiteElo "2043"]
[BlackElo "1979"]
[PlyCount "29"]
[EventDate "2023.08.19"]
[EventType "swiss"]
[EventRounds "9"]
[EventCountry "CZE"]
[SourceTitle "EXT 2024"]
[Source "ChessBase"]
[SourceDate "2023.10.10"]
[SourceVersion "1"]
[SourceVersionDate "2023.10.10"]
[SourceQuality "1"]

1. e4 c5 2. Nf3 d6 3. d4 cxd4 4. Nxd4 Nf6 5. Nc3 g6 6. Be3 Nc6 7. f3 Bg7 8. Bc4 0-0 9. Qd2 Bd7 10. 0-0-0 Rc8 11. Bb3 Nxd4 12. Bxd4 b5 13. h4 h5 14. g4 a5 15. a3 1/2-1/2

[Event "Znojmo Rotunda op-A"]
[Site "Znojmo"]
[Date "2023.08.23"]
[Round "6"]
[White "Dvorak, Libor"]
[Black "Vejlupek, Pavel"]
[Result "1/2-1/2"]
[WhiteElo "1979"]
[BlackElo "1406"]
[PlyCount "117"]
[EventDate "2023.08.19"]
[EventType "swiss"]
[EventRounds "9"]
[EventCountry "CZE"]
[SourceTitle "EXT 2024"]
[Source "ChessBase"]
[SourceDate "2023.10.10"]
[SourceVersion "1"]
[SourceVersionDate "2023.10.10"]
[SourceQuality "1"]

1. Nf3 Nc6 2. d4 d5 3. g3 Bg4 4. Bg2 Nf6 5. Ne5 e6 6. Bg5 Bh5 7. 0-0 Be7 8. Nxc6 bxc6 9. c4 0-0 10. Nc3 h6 11. Bf4 Bd6 12. Qa4 Bxf4 13. gxf4 Qd6 14. e3 Bg6 15. Rfd1 Rfb8 16. Rd2 Rb4 17. c5 Rxa4 18. cxd6 Rb4 19. dxc7 Rc8 20. Rc1 Rxc7 21. a3 Rb3 22. Na4 Nd7 23. Bf1 f6 24. Be2 Kf7 25. Bd1 Rd3 26. Rxd3 Bxd3 27. Nc5 Nxc5 28. Rxc5 Ke7 29. f3 f5 30. Kf2 Kd6 31. Ke1 Rb7 32. b4 Bc4 33. Kd2 a6 34. Bc2 g6 35. e4 Kc7 36. h4 h5 37. e5 Kd7 38. Kc3 Kc7 39. Bd3 Bb5 40. Bc2 Bc4 41. Ra5 Ra7 42. Bd3 Bxd3 43. Kxd3 Kb7 44. Kc3 Kc7 45. Kb3 Kb7 46. Ka4 Kb6 47. Rc5 Ra8 48. Rc2 Ra7 49. Kb3 Ra8 50. a4 Rc8 51. Ra2 Rc7 52. Ra1 Rc8 53. Rc1 Rc7 54. Rc5 Rc8 55. b5 a5 56. Rc2 Rc7 57. bxc6 Rc8 58. Rc5 Rxc6 59. Rxc6+ 1/2-1/2

[Event "Trebic Highlands op 09th"]
[Site "Trebic"]
[Date "2013.09.22"]
[Round "2"]
[White "Barrish, Daniel"]
[Black "Dvorak, Libor"]
[Result "1-0"]
[WhiteElo "1921"]
[BlackElo "2079"]
[PlyCount "73"]
[EventDate "2013.09.21"]
[EventType "swiss"]
[EventRounds "9"]
[EventCountry "CZE"]
[SourceTitle "CBM 156 Extra"]
[Source "ChessBase"]
[SourceDate "2013.10.22"]
[SourceVersion "1"]
[SourceVersionDate "2013.10.22"]
[SourceQuality "1"]

1. d4 Nf6 2. c4 c5 3. d5 b5 4. cxb5 a6 5. f3 axb5 6. e4 Qa5+ 7. Bd2 Qb6 8. Nc3 b4 9. Na4 Qa7 10. Nxc5 e6 11. Nd3 exd5 12. e5 Ng8 13. Bxb4 Bxb4+ 14. Nxb4 Ne7 15. Be2 0-0 16. Nh3 d6 17. exd6 Bxh3 18. dxe7 Qxe7 19. Nxd5 Qh4+ 20. g3 Qd8 21. Nf4 Bd7 22. Qd2 Qb6 23. Nd5 Qa7 24. Qb4 Bc6 25. Ne7+ Kh8 26. Ng6+ hxg6 27. Qxf8+ Kh7 28. Qd6 Qb7 29. 0-0 Qb6+ 30. Rf2 Qxb2 31. Rd1 Rxa2 32. Qf4 Nd7 33. Qh4+ Kg8 34. Rxd7 Bxd7 35. Qd8+ Kh7 36. Qxd7 Qc1+ 37. Kg2 1-0

[Event "Tatry op"]
[Site "Tatranske Zruby"]
[Date "2010.10.06"]
[Round "6"]
[White "Dvorak, Libor"]
[Black "Zambor, Norbert"]
[Result "0-1"]
[WhiteElo "2091"]
[BlackElo "2281"]
[PlyCount "152"]
[EventDate "2010.10.02"]
[EventType "swiss"]
[EventRounds "9"]
[EventCountry "SVK"]
[SourceTitle "CBM 138 Extra"]
[Source "ChessBase"]
[SourceDate "2010.10.29"]
[SourceVersion "1"]
[SourceVersionDate "2010.10.29"]
[SourceQuality "1"]

1. Nf3 c5 2. c4 Nc6 3. Nc3 e5 4. g3 g6 5. Bg2 Bg7 6. 0-0 Nge7 7. d3 d6 8. Rb1 0-0 9. a3 a5 10. Nd5 Nxd5 11. cxd5 Ne7 12. Nd2 b5 13. b3 Bb7 14. e4 Ba6 15. Qc2 f5 16. f3 f4 17. g4 Nc8 18. a4 Na7 19. Bb2 Bc8 20. Bc3 h5 21. h3 hxg4 22. fxg4 b4 23. Bb2 Bf6 24. Nf3 Qb6 25. Qf2 Ba6 26. Rbd1 g5 27. Bc1 Rf7 28. Kh1 Rh7 29. Nh2 Kg7 30. Qe2 Rah8 31. Rf3 Bd8 32. Bd2 Nc8 33. Be1 Ne7 34. Bf2 Ng8 35. Kg1 Bc8 36. Rc1 Bd7 37. Kf1 Ne7 38. Bg1 Ng6 39. Bf2 Qb8 40. Qb2 Bb6 41. Rc4 Ne7 42. Qe2 Ng8 43. Bg1 Nf6 44. Ke1 Bc8 45. Kd2 Ba6 46. Kc2 Bc8 47. Kb2 Bd7 48. Bf2 Be8 49. Bg1 Nd7 50. Qf1 Bd8 51. Rf2 Bf6 52. Nf3 Nb6 53. Qd1 Bd7 54. Nd2 Qc8 55. Kb1 Kg6 56. Rc1 Qb8 57. Rf3 Qc7 58. Nc4 Nc8 59. Qc2 Kg7 60. Qd1 Ne7 61. Nxd6 Qxd6 62. Bxc5 Qb8 63. d4 Ng6 64. d6 Rc8 65. Rf2 Kh6 66. Rfc2 exd4 67. Bxd4 Rxc2 68. Rxc2 Qxd6 69. Rd2 Be8 70. Bb2 Qe7 71. Rd5 Bxb2 72. Kxb2 Qf6+ 73. Ka2 Rc7 74. e5 Qc6 75. Be4 Bf7 76. Rd4 Qxa4+ 0-1

[Event "Tatry op"]
[Site "Tatranske Zruby"]
[Date "2010.10.02"]
[Round "1"]
[White "Frink, Ferenc"]
[Black "Dvorak, Libor"]
[Result "1-0"]
[WhiteElo "2205"]
[BlackElo "2091"]
[PlyCount "55"]
[EventDate "2010.10.02"]
[EventType "swiss"]
[EventRounds "9"]
[EventCountry "SVK"]
[SourceTitle "CBM 138 Extra"]
[Source "ChessBase"]
[SourceDate "2010.10.29"]
[SourceVersion "1"]
[SourceVersionDate "2010.10.29"]
[SourceQuality "1"]

1. e4 c5 2. b4 cxb4 3. a3 d5 4. e5 Nc6 5. d4 Bf5 6. Be3 e6 7. Bd3 Bxd3 8. Qxd3 Qa5 9. Ne2 b5 10. 0-0 Qa4 11. h3 a6 12. f4 bxa3 13. c3 Qc4 14. Qd1 Na5 15. f5 exf5 16. Nf4 a2 17. Nd2 Qc6 18. Qf3 Ne7 19. Rxa2 Nc4 20. Nxc4 dxc4 21. d5 Qb7 22. Rfa1 Ng6 23. Nxg6 hxg6 24. d6 Qxf3 25. gxf3 f6 26. Rxa6 Rxa6 27. Rxa6 fxe5 28. Ra7 1-0

[Event "Piestany op"]
[Site "Piestany"]
[Date "2009.07.31"]
[Round "7"]
[White "Pinter, Patrik"]
[Black "Dvorak, Libor"]
[Result "1-0"]
[WhiteElo "2194"]
[BlackElo "2087"]
[PlyCount "67"]
[EventDate "2009.07.26"]
[EventType "swiss"]
[EventRounds "7"]
[EventCountry "SVK"]
[SourceTitle "EXT 2010"]
[Source "ChessBase"]
[SourceDate "2010.11.25"]
[SourceVersion "1"]
[SourceVersionDate "2010.11.25"]
[SourceQuality "1"]

1. Nf3 Nf6 2. g3 g6 3. Bg2 Bg7 4. 0-0 c5 5. c4 Nc6 6. Nc3 0-0 7. d3 Rb8 8. Bf4 d6 9. Qd2 a6 10. Bh6 b5 11. Bxg7 Kxg7 12. b3 b4 13. Nd5 Nxd5 14. cxd5 Nd4 15. Qb2 f6 16. Nxd4 cxd4 17. Qxd4 Bd7 18. Rfc1 Qa5 19. Qa7 Rfd8 20. Rc2 Ra8 21. Qe3 Kf7 22. h4 Rac8 23. Rc4 e5 24. Qh6 Kg8 25. h5 Be8 26. Bh3 f5 27. e4 Rxc4 28. dxc4 Qc7 29. exf5 Qg7 30. Qg5 Rb8 31. h6 Qf8 32. fxg6 Bxg6 33. c5 dxc5 34. Be6+ 1-0

[Event "CZE-chT2D 0809"]
[Site "Czech Republic"]
[Date "2009.02.22"]
[Round "9.4"]
[White "Nemec, Pavel"]
[Black "Dvorak, Libor"]
[Result "1/2-1/2"]
[WhiteElo "2234"]
[BlackElo "2138"]
[PlyCount "99"]
[EventDate "2008.10.12"]
[EventType "team-tourn"]
[EventRounds "11"]
[EventCountry "CZE"]
[SourceTitle "EXT 2010"]
[Source "ChessBase"]
[SourceDate "2010.11.25"]
[SourceVersion "1"]
[SourceVersionDate "2010.11.25"]
[SourceQuality "1"]

1. e4 c5 2. Nf3 d6 3. d4 cxd4 4. Nxd4 Nf6 5. Nc3 g6 6. Bc4 Bg7 7. 0-0 0-0 8. Re1 Nc6 9. Bb3 Nxd4 10. Qxd4 Ng4 11. Qd1 Qb6 12. Rf1 Bd4 13. Qe2 Bxc3 14. bxc3 Qc5 15. h3 Ne5 16. Bh6 Re8 17. Rad1 Be6 18. Bxe6 fxe6 19. Be3 Qc4 20. Qxc4 Nxc4 21. Rfe1 Nxe3 22. Rxe3 Rec8 23. Rb1 b6 24. Rb3 Rc5 25. Ra3 a5 26. Rb3 b5 27. a4 bxa4 28. Ra3 Rc4 29. Kf1 Kf7 30. Ke2 d5 31. Kd3 Rac8 32. h4 Kf6 33. Rf3+ Kg7 34. Re3 R8c7 35. exd5 exd5 36. Re5 Rxh4 37. Rxd5 Rh2 38. Rg5 Kf6 39. Rg4 Kf5 40. Raxa4 e5 41. Rg3 Rc5 42. Rf3+ Ke6 43. g3 Rh1 44. Re3 Rd1+ 45. Ke2 Rd8 46. f4 Rdc8 47. Kd2 Rd8+ 48. Ke2 Rdc8 49. Kd2 Rd8+ 50. Ke2 1/2-1/2

[Event "CZE-chT2D 0809"]
[Site "Czech Republic"]
[Date "2009.01.25"]
[Round "7.4"]
[White "Bures, Vit"]
[Black "Dvorak, Libor"]
[Result "1/2-1/2"]
[WhiteElo "2151"]
[BlackElo "2138"]
[PlyCount "31"]
[EventDate "2008.10.12"]
[EventType "team-tourn"]
[EventRounds "11"]
[EventCountry "CZE"]
[SourceTitle "EXT 2010"]
[Source "ChessBase"]
[SourceDate "2010.11.25"]
[SourceVersion "1"]
[SourceVersionDate "2010.11.25"]
[SourceQuality "1"]

1. e4 c5 2. Nc3 d6 3. g3 Nc6 4. Bg2 g6 5. f4 e6 6. Nf3 Bg7 7. 0-0 Nge7 8. d3 0-0 9. Be3 Rb8 10. d4 cxd4 11. Nxd4 Qb6 12. Na4 Qa5 13. Nc3 Rd8 14. Nb3 Qb4 15. Qd3 d5 16. Bc5 1/2-1/2

[Event "CZE-chT2D 0809"]
[Site "Czech Republic"]
[Date "2008.12.21"]
[Round "5.4"]
[White "Jedlicka, Lubos"]
[Black "Dvorak, Libor"]
[Result "1-0"]
[WhiteElo "2081"]
[BlackElo "2138"]
[PlyCount "49"]
[EventDate "2008.10.12"]
[EventType "team-tourn"]
[EventRounds "11"]
[EventCountry "CZE"]
[SourceTitle "EXT 2010"]
[Source "ChessBase"]
[SourceDate "2010.11.25"]
[SourceVersion "1"]
[SourceVersionDate "2010.11.25"]
[SourceQuality "1"]

1. c4 Nf6 2. g3 c5 3. Bg2 g6 4. Nc3 Bg7 5. e4 Nc6 6. Nge2 d6 7. 0-0 0-0 8. f4 e6 9. d3 Ne7 10. h3 Nd7 11. Be3 f5 12. d4 Qb6 13. Qd2 fxe4 14. dxc5 dxc5 15. Nxe4 Nf5 16. Bf2 Qxb2 17. Qxb2 Bxb2 18. Rab1 Bd4 19. Nxd4 cxd4 20. Rfd1 e5 21. fxe5 Nxe5 22. Bxd4 Nxd4 23. Rxd4 Bxh3 24. Rxb7 Rab8 25. Nf6+ 1-0

[Event "CZE-chT2d 0607"]
[Site "Czech Republic"]
[Date "2007.03.11"]
[Round "9"]
[White "Dvorak, Libor"]
[Black "Brychta, David"]
[Result "1-0"]
[WhiteElo "2068"]
[BlackElo "2146"]
[PlyCount "99"]
[EventDate "2006.10.15"]
[EventType "team"]
[EventRounds "11"]
[EventCountry "CZE"]
[SourceTitle "EXT 2009"]
[Source "ChessBase"]
[SourceDate "2008.11.26"]
[SourceVersion "1"]
[SourceVersionDate "2008.11.26"]
[SourceQuality "1"]

1. Nf3 Nf6 2. c4 g6 3. g3 Bg7 4. Bg2 0-0 5. 0-0 c6 6. Nc3 d6 7. d3 e5 8. Rb1 h6 9. b4 Nbd7 10. b5 c5 11. a4 Re8 12. Nh4 Nf8 13. e4 Bg4 14. Qe1 Qd7 15. f3 Be6 16. f4 exf4 17. gxf4 Bh3 18. Qg3 Bxg2 19. Qxg2 N8h7 20. Ne2 a6 21. a5 Reb8 22. b6 Kh8 23. Bd2 Rg8 24. Kh1 Nf8 25. Rf3 Re8 26. Rh3 Qg4 27. Rg1 Qxg2+ 28. Rxg2 h5 29. f5 Kh7 30. Bg5 Ng4 31. Nxg6 fxg6 32. Rxg4 gxf5 33. exf5 Bh6 34. Rxh5 Rxg5 35. Rgxg5 Rxe2 36. Rg3 Re1+ 37. Kg2 Re2+ 38. Kf1 Ra2 39. Rgh3 Rxa5 40. Rxh6+ Kg7 41. Rxd6 Ra2 42. Re3 Kf7 43. Re2 Ra1+ 44. Kf2 a5 45. Re5 a4 46. Rxc5 Ke7 47. Rh6 a3 48. Rc7+ Kd8 49. Rh8 Ke8 50. f6 1-0

[Event "CZE-chT2d 0607"]
[Site "Czech Republic"]
[Date "2007.02.25"]
[Round "8"]
[White "Siebenburger, Vlastimil"]
[Black "Dvorak, Libor"]
[Result "0-1"]
[WhiteElo "2142"]
[BlackElo "2068"]
[PlyCount "58"]
[EventDate "2006.10.15"]
[EventType "team"]
[EventRounds "11"]
[EventCountry "CZE"]
[SourceTitle "EXT 2009"]
[Source "ChessBase"]
[SourceDate "2008.11.26"]
[SourceVersion "1"]
[SourceVersionDate "2008.11.26"]
[SourceQuality "1"]

1. e4 c5 2. b3 Nc6 3. Bb2 e5 4. f4 exf4 5. Nf3 d6 6. Bc4 Be6 7. Qe2 Nf6 8. Ng5 Bxc4 9. Qxc4 Qe7 10. 0-0 h6 11. Nh3 g5 12. Nc3 Rg8 13. Nb5 0-0-0 14. d4 a6 15. Nc3 Nxd4 16. Nd5 Nxd5 17. exd5 Qe3+ 18. Kh1 b5 19. Bxd4 Qxd4 20. Qe2 Qxd5 21. a4 Bg7 22. Rad1 Qb7 23. axb5 axb5 24. c4 b4 25. Rd2 Rge8 26. Qg4+ Qd7 27. Qf3 Qb7 28. Qg4+ Kc7 29. Nxf4 Re4 0-1

[Event "CZE-chT2d 0607"]
[Site "Czech Republic"]
[Date "2007.02.11"]
[Round "7"]
[White "Komarkova, Magdalena"]
[Black "Dvorak, Libor"]
[Result "1/2-1/2"]
[WhiteElo "2121"]
[BlackElo "2068"]
[PlyCount "96"]
[EventDate "2006.10.15"]
[EventType "team"]
[EventRounds "11"]
[EventCountry "CZE"]
[SourceTitle "EXT 2009"]
[Source "ChessBase"]
[SourceDate "2008.11.26"]
[SourceVersion "1"]
[SourceVersionDate "2008.11.26"]
[SourceQuality "1"]

1. e4 c5 2. Nf3 d6 3. d4 cxd4 4. Nxd4 Nf6 5. Nc3 g6 6. Be2 Bg7 7. Be3 Nc6 8. 0-0 0-0 9. f4 Qb6 10. Qd3 Ng4 11. Nxc6 Nxe3 12. Nxe7+ Kh8 13. Na4 Qd4 14. Qxd4 Bxd4 15. c3 Nxf1+ 16. cxd4 Bd7 17. Nc3 Ne3 18. Bd3 Rfe8 19. Re1 Rxe7 20. Rxe3 Bc6 21. Kf2 Rae8 22. g3 f6 23. Re2 g5 24. d5 Bd7 25. f5 Rc8 26. Rd2 Be8 27. Ne2 Rec7 28. Ke3 Bh5 29. Nc3 a6 30. a3 Be8 31. Ne2 Kg7 32. Nc3 Kf8 33. Ne2 Ke7 34. Nc3 Rxc3 35. bxc3 Rxc3 36. Kd4 Rxa3 37. Rb2 b5 38. h4 h6 39. hxg5 hxg5 40. Rh2 Ra1 41. Rh7+ Bf7 42. Be2 Kf8 43. Rh8+ Bg8 44. Rh6 Kg7 45. Rg6+ Kf7 46. Bh5 Rh1 47. Rh6+ Kg7 48. Rg6+ Kf7 1/2-1/2

[Event "CZE-chT2d 0607"]
[Site "Czech Republic"]
[Date "2007.01.14"]
[Round "6"]
[White "Masak, Pavel"]
[Black "Dvorak, Libor"]
[Result "1/2-1/2"]
[WhiteElo "2126"]
[BlackElo "2068"]
[PlyCount "58"]
[EventDate "2006.10.15"]
[EventType "team"]
[EventRounds "11"]
[EventCountry "CZE"]
[SourceTitle "EXT 2009"]
[Source "ChessBase"]
[SourceDate "2008.11.26"]
[SourceVersion "1"]
[SourceVersionDate "2008.11.26"]
[SourceQuality "1"]

1. c4 Nf6 2. Nc3 c5 3. g3 g6 4. Bg2 Bg7 5. e3 Nc6 6. Nge2 d6 7. 0-0 0-0 8. d3 Rb8 9. Rb1 a6 10. a3 Bd7 11. h3 b5 12. cxb5 axb5 13. b4 cxb4 14. axb4 Ne5 15. f4 Nc6 16. Kh2 e5 17. e4 Ne7 18. d4 Qc7 19. fxe5 dxe5 20. d5 Ne8 21. Bg5 f6 22. Be3 Nd6 23. Bc5 f5 24. Qd3 h6 25. Rbc1 Kh7 26. Ra1 Ra8 27. Rfc1 Rxa1 28. Rxa1 Nec8 29. Rf1 Qd8 1/2-1/2

[Event "Znojmo op1"]
[Site "Znojmo"]
[Date "2007.??.??"]
[Round "5"]
[White "Dvorak, Libor"]
[Black "Galvanek, Ladislav"]
[Result "1-0"]
[WhiteElo "2070"]
[BlackElo "2065"]
[PlyCount "125"]
[EventDate "2007.01.??"]
[EventType "swiss"]
[EventRounds "9"]
[EventCountry "CZE"]
[SourceTitle "EXT 2010"]
[Source "ChessBase"]
[SourceDate "2010.11.25"]
[SourceVersion "1"]
[SourceVersionDate "2010.11.25"]
[SourceQuality "1"]

1. Nf3 d5 2. c4 e6 3. g3 c5 4. Bg2 Nc6 5. b3 Nf6 6. Bb2 Be7 7. 0-0 0-0 8. e3 Ne4 9. d3 Bf6 10. Qe2 Nd6 11. Nc3 Nf5 12. g4 Nfe7 13. e4 Bxc3 14. Bxc3 d4 15. Bd2 e5 16. Nh4 Ng6 17. Nxg6 fxg6 18. g5 Qc7 19. Rae1 Be6 20. f4 exf4 21. e5 Rae8 22. Bxf4 Qd7 23. Bg3 Ne7 24. Qe4 b6 25. a3 Rxf1+ 26. Rxf1 Rf8 27. Rxf8+ Kxf8 28. Kf2 Nf5 29. Bf4 h5 30. Qb7 Qxb7 31. Bxb7 Ke7 32. b4 Kd7 33. b5 Ne7 34. a4 Kc7 35. Be4 Kd7 36. Bd2 Kc7 37. a5 Kd7 38. a6 Kc7 39. Kg3 Kd7 40. Bf4 Kc7 41. Bg2 Kd8 42. Bh3 Kd7 43. Bxe6+ Kxe6 44. Kf3 Nf5 45. Ke4 Ne7 46. Bd2 Nc8 47. Be1 Ne7 48. Bf2 Nf5 49. Bg1 Kd7 50. Bf2 Ke6 51. Be1 Ne7 52. Bd2 Nc8 53. Bc1 Ne7 54. Ba3 Kd7 55. Bxc5 bxc5 56. b6 Nc6 57. bxa7 Nxa7 58. Kd5 Nc6 59. Kxc5 Kc7 60. e6 Nd8 61. e7 Ne6+ 62. Kd5 Kd7 63. e8Q+ 1-0

[Event "Znojmo op1"]
[Site "Znojmo"]
[Date "2007.??.??"]
[Round "9"]
[White "Dvorak, Libor"]
[Black "Kulovana, Eva"]
[Result "0-1"]
[WhiteElo "2070"]
[BlackElo "2035"]
[PlyCount "54"]
[EventDate "2007.01.??"]
[EventType "swiss"]
[EventRounds "9"]
[EventCountry "CZE"]
[SourceTitle "EXT 2010"]
[Source "ChessBase"]
[SourceDate "2010.11.25"]
[SourceVersion "1"]
[SourceVersionDate "2010.11.25"]
[SourceQuality "1"]

1. Nf3 Nf6 2. c4 e6 3. g3 d5 4. Bg2 Be7 5. 0-0 0-0 6. b3 b6 7. Bb2 Bb7 8. Nc3 d4 9. Nb5 c5 10. e3 a6 11. Na3 d3 12. Ne5 Bxg2 13. Kxg2 Qd6 14. Re1 Nc6 15. Nxc6 Qxc6+ 16. Qf3 Ne4 17. Rad1 f5 18. Kg1 Bf6 19. Bxf6 Rxf6 20. Qg2 Rh6 21. Rf1 b5 22. f3 Ng5 23. h4 Nf7 24. Rde1 b4 25. Nb1 Rf8 26. e4 f4 27. gxf4 Rg6 0-1

[Event "Znojmo op1"]
[Site "Znojmo"]
[Date "2007.??.??"]
[Round "1"]
[White "Dvorak, Libor"]
[Black "Stanek, Karel"]
[Result "1-0"]
[WhiteElo "2070"]
[BlackElo "1625"]
[PlyCount "69"]
[EventDate "2007.01.??"]
[EventType "swiss"]
[EventRounds "9"]
[EventCountry "CZE"]
[SourceTitle "EXT 2010"]
[Source "ChessBase"]
[SourceDate "2010.11.25"]
[SourceVersion "1"]
[SourceVersionDate "2010.11.25"]
[SourceQuality "1"]

1. Nf3 Nf6 2. c4 d5 3. g3 c6 4. Bg2 Bf5 5. b3 Nbd7 6. Bb2 e6 7. d3 Bc5 8. Nbd2 0-0 9. 0-0 Qc7 10. Qc2 e5 11. cxd5 cxd5 12. Rac1 Rac8 13. Qb1 Qd6 14. e4 dxe4 15. dxe4 Be6 16. h3 b5 17. Qa1 Rfd8 18. Rfd1 Qb6 19. Rf1 Qd6 20. Rcd1 Qc6 21. Nxe5 Nxe5 22. Bxe5 Be7 23. Bxf6 gxf6 24. e5 Bd5 25. Bxd5 Rxd5 26. Rc1 Qe6 27. Rxc8+ Qxc8 28. exf6 Rxd2 29. fxe7 Re2 30. Re1 Qe6 31. Rxe2 Qxe2 32. Qf6 Qe1+ 33. Kh2 Qe2 34. Qg5+ Kh8 35. Qe3 1-0

[Event "Znojmo op2"]
[Site "Znojmo"]
[Date "2007.??.??"]
[Round "6"]
[White "Voborny, David"]
[Black "Dvorak, Libor"]
[Result "0-1"]
[WhiteElo "1775"]
[BlackElo "2025"]
[PlyCount "64"]
[EventDate "2007.04.??"]
[EventType "swiss"]
[EventRounds "9"]
[EventCountry "CZE"]
[SourceTitle "EXT 2010"]
[Source "ChessBase"]
[SourceDate "2010.11.25"]
[SourceVersion "1"]
[SourceVersionDate "2010.11.25"]
[SourceQuality "1"]

1. d4 Nf6 2. c4 c5 3. dxc5 e6 4. e3 Bxc5 5. Bd3 Nc6 6. Nf3 b6 7. 0-0 Bb7 8. a3 d5 9. b4 Be7 10. Bb2 Rc8 11. cxd5 Qxd5 12. Nc3 Qh5 13. Ne2 0-0 14. Ng3 Qd5 15. Qe2 Qd6 16. Ng5 Ne5 17. Bxe5 Qxe5 18. f4 Qc3 19. e4 h6 20. Nf3 Rfd8 21. Rfd1 a5 22. e5 Nd5 23. Qe4 g6 24. Ne2 Qc7 25. bxa5 Nc3 26. Qe3 Bc5 27. Ned4 Nxd1 28. Rxd1 Bxf3 29. Qxf3 Rxd4 30. Kh1 bxa5 31. h4 Rcd8 32. h5 g5 0-1

[Event "CZE-chT2d 0607"]
[Site "Czech Republic"]
[Date "2006.12.15"]
[Round "5"]
[White "Dvorak, Libor"]
[Black "Chladek, Vlastimil"]
[Result "0-1"]
[WhiteElo "2068"]
[BlackElo "2022"]
[PlyCount "128"]
[EventDate "2006.10.15"]
[EventType "team"]
[EventRounds "11"]
[EventCountry "CZE"]
[SourceTitle "EXT 2009"]
[Source "ChessBase"]
[SourceDate "2008.11.26"]
[SourceVersion "1"]
[SourceVersionDate "2008.11.26"]
[SourceQuality "1"]

1. Nf3 d5 2. c4 c6 3. g3 Nf6 4. Bg2 g6 5. b3 Bg7 6. Bb2 0-0 7. 0-0 Bf5 8. d3 Qc8 9. Re1 Bh3 10. Bh1 Qf5 11. Nbd2 Qh5 12. e4 e6 13. Nh4 Qxd1 14. Raxd1 g5 15. Nhf3 Bg4 16. h3 Bxh3 17. Nxg5 Bg4 18. f3 Bh5 19. Nh3 Na6 20. g4 Nxg4 21. Bxg7 Kxg7 22. Nf4 Nf6 23. e5 Bg6 24. exf6+ Kxf6 25. Nxg6 hxg6 26. a3 Nc5 27. d4 Nd3 28. Re2 Nf4 29. Rh2 Rh8 30. Nf1 Rxh2 31. Nxh2 dxc4 32. bxc4 Rd8 33. Kf2 Kf5 34. Ng4 g5 35. Ne3+ Kf6 36. Bg2 c5 37. dxc5 Rxd1 38. Nxd1 Nxg2 39. Kxg2 Ke5 40. Kf2 Kd4 41. Ne3 Kc3 42. Ke2 Kb3 43. Kd3 f5 44. Kd4 Kxa3 45. Kc3 Ka2 46. Nc2 g4 47. fxg4 fxg4 48. c6 bxc6 49. Nb4+ Ka3 50. Nxc6 g3 51. Ne5 g2 52. Nf3 Ka4 53. Ng1 Ka5 54. Ne2 Kb6 55. Kb4 a5+ 56. Ka4 Kc5 57. Kxa5 Kxc4 58. Ka4 e5 59. Ka3 Kd3 60. Ng1 e4 61. Kb3 e3 62. Nf3 Ke2 63. Ng1+ Kf1 64. Nf3 g1Q 0-1

[Event "CZE-chT2d 0607"]
[Site "Czech Republic"]
[Date "2006.12.03"]
[Round "4"]
[White "Dvorak, Libor"]
[Black "Sulc, Jaromir"]
[Result "1/2-1/2"]
[WhiteElo "2068"]
[BlackElo "1978"]
[PlyCount "119"]
[EventDate "2006.10.15"]
[EventType "team"]
[EventRounds "11"]
[EventCountry "CZE"]
[SourceTitle "EXT 2009"]
[Source "ChessBase"]
[SourceDate "2008.11.26"]
[SourceVersion "1"]
[SourceVersionDate "2008.11.26"]
[SourceQuality "1"]

1. Nf3 Nf6 2. g3 b6 3. Bg2 Bb7 4. c4 e6 5. 0-0 Be7 6. d3 0-0 7. a3 c5 8. Nc3 d6 9. b4 Nbd7 10. b5 d5 11. Nd2 Qc7 12. e4 Rad8 13. f4 d4 14. Ne2 Ng4 15. Nf3 f5 16. e5 Rfe8 17. h3 Nh6 18. Kh2 Nf8 19. a4 Rd7 20. Bd2 Bd8 21. a5 Qb8 22. Qa4 Ree7 23. Ra3 Nf7 24. axb6 axb6 25. Rfa1 g5 26. Qd1 g4 27. hxg4 fxg4 28. Nh4 Nh6 29. Ng1 Bxg2 30. Nxg2 Rg7 31. Qe2 Nf5 32. Qe4 h5 33. Qc6 Ra7 34. Rxa7 Rxa7 35. Rxa7 Qxa7 36. Qe8 Qe7 37. Qxh5 Qg7 38. Nh4 Bxh4 39. gxh4 g3+ 40. Kg2 Ng6 41. Nf3 Qf7 42. Qg5 Kf8 43. h5 Nge7 44. h6 Qh7 45. Qf6+ Ke8 46. Ng5 Nh4+ 47. Kh3 Qxd3 48. Qf7+ Kd8 49. Nxe6+ Kd7 50. Nf8+ Kd8 51. Ne6+ Kd7 52. Nf8+ Kd8 53. Ne6+ Kd7 54. Ng5 g2+ 55. Kxh4 g1Q 56. Qe6+ Kd8 57. Nf7+ Ke8 58. Nd6+ Kd8 59. Nf7+ Ke8 60. Nd6+ 1/2-1/2

[Event "Znojmo op"]
[Site "Znojmo"]
[Date "2006.05.18"]
[Round "6.13"]
[White "Hruby, Vaclav"]
[Black "Dvorak, Libor"]
[Result "0-1"]
[WhiteElo "1871"]
[BlackElo "2086"]
[PlyCount "100"]
[EventDate "2006.05.14"]
[EventType "swiss"]
[EventRounds "9"]
[EventCountry "CZE"]
[SourceTitle "CBM 112 Extra"]
[Source "ChessBase"]
[SourceDate "2006.07.14"]
[SourceVersion "1"]
[SourceVersionDate "2006.07.14"]
[SourceQuality "1"]

1. Nf3 c5 2. c4 Nf6 3. Nc3 g6 4. g3 Bg7 5. Bg2 0-0 6. 0-0 Nc6 7. d4 cxd4 8. Nxd4 Ng4 9. Nxc6 bxc6 10. Bd2 Ba6 11. b3 Rc8 12. Rc1 e6 13. h3 Nh6 14. Re1 d5 15. cxd5 cxd5 16. e3 Qe7 17. Nb1 Nf5 18. Bf1 Bb7 19. Qe2 d4 20. e4 Nd6 21. f3 e5 22. Rxc8 Rxc8 23. Rc1 Rxc1 24. Bxc1 Qc7 25. Ba3 Bh6 26. Qd1 Be3+ 27. Kg2 h5 28. Bd3 a6 29. Qc2 Qxc2+ 30. Bxc2 Nb5 31. Bb2 f6 32. Bd3 Kf7 33. Kf1 f5 34. Ke2 Nd6 35. exf5 Nxf5 36. Bxf5 gxf5 37. Na3 a5 38. Nc4 Ba6 39. Kd3 Ke6 40. Ba3 Kd5 41. Be7 e4+ 42. fxe4+ fxe4+ 43. Ke2 Bxc4+ 44. bxc4+ Kxc4 45. g4 hxg4 46. hxg4 Bf4 47. g5 d3+ 48. Kd1 e3 49. g6 e2+ 50. Ke1 Bg3+ 0-1